| 000 -LEADER |
| fixed length control field |
00419nam a2200145Ia 4500 |
| 003 - CONTROL NUMBER IDENTIFIER |
| control field |
OSt |
| 005 - DATE AND TIME OF LATEST TRANSACTION |
| control field |
20260304185432.0 |
| 008 - FIXED-LENGTH DATA ELEMENTS--GENERAL INFORMATION |
| fixed length control field |
260210s9999 xx 000 0 und d |
| 020 ## - INTERNATIONAL STANDARD BOOK NUMBER |
| International Standard Book Number |
9783868596342 |
| 100 ## - MAIN ENTRY--PERSONAL NAME |
| Personal name |
Olaf Bartels and Behörde für Stadtentwicklung und Wohnen |
| 245 #0 - TITLE STATEMENT |
| Title |
Hamburg - Positions, Plans, Projects: I: Building Urban Spaces |
| 260 ## - PUBLICATION, DISTRIBUTION, ETC. (IMPRINT) |
| Name of publisher, distributor, etc |
JOVIS VERLAG 2020 |
| 260 ## - PUBLICATION, DISTRIBUTION, ETC. (IMPRINT) |
| Date of publication, distribution, etc |
2020 |
| 942 ## - ADDED ENTRY ELEMENTS (KOHA) |
| Item type |
B.PLAN |
| Source of classification or shelving scheme |
|